Ngôn ngữ và sự phát triển văn hóa xã hội

Tài liệu điều tra thực địa ngôn ngữ các dân tộc thiểu số ở Việt Nam

Gespeichert in:
Bibliographische Detailangaben
1. Verfasser: Trần, Trí Dõi
Format: Buch
Sprache:Undetermined
Veröffentlicht: Hà Nội Văn hóa Thông tin 2001
Schlagworte:
Tags: Tag hinzufügen
Keine Tags, Fügen Sie den ersten Tag hinzu!
Thư viện lưu trữ: Trung tâm Học liệu Trường Đại học Cần Thơ
LEADER 00694nam a2200205Ia 4500
001 CTU_42918
008 210402s9999 xx 000 0 und d
082 |a 495.92209 
082 |b D428 
100 |a Trần, Trí Dõi 
245 0 |a Ngôn ngữ và sự phát triển văn hóa xã hội 
245 0 |c Trần Trí Dõi 
260 |a Hà Nội 
260 |b Văn hóa Thông tin 
260 |c 2001 
520 |a Tài liệu điều tra thực địa ngôn ngữ các dân tộc thiểu số ở Việt Nam 
650 |a Vietnamese language 
650 |x History 
904 |i Minh 
980 |a Trung tâm Học liệu Trường Đại học Cần Thơ